Polskie piosenki - Statystyki

Ogólne statystyki
  • Ten quiz został rozwiązany 375 razy
  • Średni wynik to 10 z 15
Statystyki odpowiedzi
Hint Odpowiedź % Poprawnych
Baśka Wilki
90%
Na co komu dziś Lady pank
86%
Zacznij od Bacha Zbigniew Wodecki
81%
A wszystko to... Ich troje
80%
Cykady na cykladach Maanam
78%
Rudy się żeni Big cyc
70%
Chałupy Welcome to Zbigniew Wodecki
70%
Gdy nie ma dzieci w domu Kult
68%
Jak zapomnieć Jeden osiem L
66%
Hi-fi Wanda i banda
65%
Ev'ry night Mandaryna
64%
Orla cień Varius manx
58%
Przeżyj to sam Lombard
54%
Rysa na szkle Urszula
49%
Typ niepokorny Jacek Stachursky
41%
Nie znaleziono quizów pasujących do podanych kryteriów
Rozkład punktacji
Procent ludzi z każdym wynikiem
Percentyl według liczby udzielonych odpowiedzi
Twoja historia wyników
Nie rozwiązałeś tego quizu